| 000 | 01050nam a2200277 a 4500 | ||
|---|---|---|---|
| 001 | 000026981 | ||
| 003 | DO-SdBNP | ||
| 005 | 20210707114204.0 | ||
| 008 | 110328s1951 dr 000 0 spa d | ||
| 040 |
_aDO-SdBNP _bspa _cBNPHU |
||
| 082 |
_a928.6 _bR696r |
||
| 100 | 1 |
_aRodríguez Objio, Manuel _954078 |
|
| 245 | 1 | 0 |
_aRelaciones / _cManuel Rodríguez Objio; introducción, títulos y notas de Ramón Lugo Lovatón. |
| 260 |
_aSanto Domingo : _bCiudad Trujillo, República Dominicana : _bArchivo General de la Nación, _c1951 _fTalleres Tipográficos |
||
| 300 |
_a319 p. ; _c25 cm. |
||
| 490 | 1 |
_aArchivo General de la Nación _v8 |
|
| 500 | _aIncluye índice | ||
| 500 | _aIncluye referencias bibliográficas y notas al pie de las páginas | ||
| 590 | _aInventariado, 2021 / DG | ||
| 650 | 4 |
_aRodríguez Objio, Manuel _xAutobiografía _979127 |
|
| 650 | 4 |
_aRodríguez Objio, Manuel _y1837-1870 _979128 |
|
| 700 | 1 |
_aLugo Lovatón, Ramón _954077 |
|
| 830 | 0 |
_aArchivo General de la Nación _n8 _954079 |
|
| 910 | _aD/G | ||
| 942 |
_2ddc _cLBS1 |
||
| 999 |
_c26473 _d26473 |
||